[Event "Chessable Masters Div 3 W"]
[Site "chess.com INT"]
[Date "2023.04.03"]
[Round "2.3"]
[White "Pantsulaia, Levan"]
[Black "Kamsky, Gata"]
[Result "1/2-1/2"]
[WhiteTitle "GM"]
[BlackTitle "GM"]
[WhiteElo "2597"]
[BlackElo "2665"]
[WhiteFideId "13602071"]
[BlackFideId "2000024"]
[EventDate "2023.04.03"]
[EventType "k.o."]

1. Nf3 Nf6 2. g3 d5 3. c4 c6 4. Bg2 Bf5 5. Qb3 Qb6 6. d3 e6 7. Be3 Qa6 8. Nbd2
Nbd7 9. Nh4 Bg6 10. Nxg6 hxg6 11. h3 Bc5 12. d4 Bd6 13. O-O O-O 14. Qc2 Qa5 15.
a3 Qd8 16. b4 a6 17. Nb3 Qe7 18. Bg5 Rfe8 19. e4 dxe4 20. Bxe4 Qf8 21. Bg2 Rab8
22. Rad1 Nh7 23. Bc1 Nhf6 24. Rfe1 Red8 25. Bg5 Be7 26. Na5 Rdc8 27. Qe2 Bd6 28.
Bf3 Bc7 29. Nb3 Re8 30. Bg2 Nh7 31. Bc1 Nhf6 32. Bb2 e5 33. d5 cxd5 34. Bxd5 e4
35. Bxf6 Nxf6 36. Nc5 e3 37. f4 a5 38. Bxb7 axb4 39. axb4 Bd6 40. Bc6 Bxc5 41.
bxc5 Rec8 42. Bb5 Ne4 43. Qxe3 Nxc5 44. Kh2 Ra8 45. Rd2 Rc7 46. Qe5 Rca7 47.
Rde2 Nd3 48. Qc3 Ra3 49. Qd2 Nxe1 50. Qxe1 Ra2 51. Bc6 Rxe2+ 52. Qxe2 Ra7 53.
Bd5 Qe7 54. Qb2 Kh7 55. h4 Qe3 56. Kh3 Ra3 57. Qg2 Qd3 58. Kh2 Rc3 59. Be4 Qxc4
60. h5 f5 61. hxg6+ Kxg6 62. Bb1 Qb3 63. Qf1 Qb2+ 64. Kh3 Rc5 65. Qa6+ Qf6 66.
Qb7 Kh6 67. Qb8 g6 68. Ba2 Qg7 69. Qd6 Ra5 70. Bb1 Kh7 71. g4 Rb5 72. Bd3 Rb3
73. Kh4 Qh6+ 74. Kg3 Qg7 75. Qd5 Qc3 76. Qd7+ Kh8 77. Qe8+ Kg7 78. Qe7+ Kh8 79.
Kh4 Qxd3 80. Kg5 fxg4 81. Qf8+ Kh7 82. Qf7+ Kh8 83. Qf8+ Kh7 84. Qf7+ Kh8 85.
Qf8+ 1/2-1/2

[Event "Chessable Masters Div 3 W"]
[Site "chess.com INT"]
[Date "2023.04.03"]
[Round "2.1"]
[White "Wei, Yi"]
[Black "Salem, A.R. Saleh"]
[Result "1/2-1/2"]
[WhiteTitle "GM"]
[BlackTitle "GM"]
[WhiteElo "2722"]
[BlackElo "2677"]
[WhiteFideId "8603405"]
[BlackFideId "9301348"]
[EventDate "2023.04.03"]
[EventType "k.o."]

1. e4 e5 2. Nf3 Nc6 3. Bb5 a6 4. Ba4 Nf6 5. O-O Be7 6. d3 b5 7. Bb3 d6 8. a3 O-O
9. Nc3 Nb8 10. h3 Nbd7 11. Be3 Bb7 12. g4 c5 13. g5 Ne8 14. Kh2 Nc7 15. Rg1 g6
16. Nh4 d5 17. exd5 Nb6 18. Ne4 Nbxd5 19. Bxc5 Nf4 20. Bxe7 Qxe7 21. Qg4 Bxe4
22. dxe4 Nce6 23. Nf3 Nc5 24. Rad1 Rad8 25. Bd5 Na4 26. Rd2 Nxb2 27. Rb1 Nxd5
28. Rxd5 Rxd5 29. exd5 Nc4 30. Re1 Qc5 31. Qg3 Re8 32. Nxe5 Nxe5 33. Rxe5 Rxe5
34. Qxe5 Qxf2+ 35. Kh1 Qf1+ 36. Kh2 Qf2+ 37. Kh1 Qf1+ 38. Kh2 Qf2+ 1/2-1/2

[Event "Chessable Masters Div 3 W"]
[Site "chess.com INT"]
[Date "2023.04.03"]
[Round "2.2"]
[White "Salem, A.R. Saleh"]
[Black "Wei, Yi"]
[Result "0-1"]
[WhiteTitle "GM"]
[BlackTitle "GM"]
[WhiteElo "2677"]
[BlackElo "2722"]
[WhiteFideId "9301348"]
[BlackFideId "8603405"]
[EventDate "2023.04.03"]
[EventType "k.o."]

1. d4 Nf6 2. c4 e6 3. Nf3 d5 4. g3 Be7 5. Bg2 O-O 6. O-O dxc4 7. Qc2 a6 8. a4
Bd7 9. Qxc4 Bc6 10. Bf4 Bd6 11. Qc1 Nbd7 12. Re1 Rb8 13. a5 Qe7 14. Nc3 Ne4 15.
Ne5 Bxe5 16. dxe5 Nec5 17. Qc2 Bxg2 18. Kxg2 b5 19. b4 Nb7 20. Red1 c5 21. Ne4
Rfc8 22. Rac1 Qe8 23. Qd3 Rd8 24. Qe3 cxb4 25. Bh6 f5 26. exf6 gxh6 27. Rc7 Qf7
28. Qxh6 b3 29. Ng5 Qg6 30. Qxg6+ hxg6 31. Rdxd7 Rxd7 32. Rxd7 Rf8 33. Rg7+ Kh8
34. Rh7+ Kg8 35. Rg7+ Kh8 36. Nf7+ Rxf7 37. Rxf7 b2 38. Rxb7 Kg8 39. Rg7+ Kf8
40. Rxg6 b1=Q 41. Rg4 Qf5 42. Rf4 Qxf4 43. gxf4 b4 0-1

[Event "Chessable Masters Div 3 W"]
[Site "chess.com INT"]
[Date "2023.04.03"]
[Round "2.1"]
[White "Vokhidov, Shamsiddin"]
[Black "Svane, Rasmus"]
[Result "1/2-1/2"]
[WhiteTitle "GM"]
[BlackTitle "GM"]
[WhiteElo "2601"]
[BlackElo "2621"]
[WhiteFideId "14204223"]
[BlackFideId "4657101"]
[EventDate "2023.04.03"]
[EventType "k.o."]

1. e4 e5 2. Nf3 Nc6 3. Bb5 Nf6 4. O-O Nxe4 5. Re1 Nd6 6. Nxe5 Be7 7. Bf1 Nxe5 8.
Rxe5 O-O 9. Nc3 Ne8 10. Nd5 Bd6 11. Re1 c6 12. Ne3 Be7 13. Nf5 Bg5 14. d3 Bxc1
15. Rxc1 d5 16. Ne7+ Kh8 17. Qh5 Nf6 18. Qh4 Re8 19. Nxc8 Rxc8 20. Rxe8+ Nxe8
21. Qb4 Nd6 22. Re1 Kg8 23. g3 Qc7 24. Re5 h6 25. Qc5 Ne4 26. Qe7 Nf6 27. Bh3
Qxe7 28. Rxe7 Rb8 29. Rc7 Ne8 30. Rd7 Kf8 31. b4 Nf6 32. Rc7 Ne8 33. Rd7 Nf6 34.
Rc7 Ne8 35. Rd7 1/2-1/2

[Event "Chessable Masters Div 3 W"]
[Site "chess.com INT"]
[Date "2023.04.03"]
[Round "2.2"]
[White "Svane, Rasmus"]
[Black "Vokhidov, Shamsiddin"]
[Result "0-1"]
[WhiteTitle "GM"]
[BlackTitle "GM"]
[WhiteElo "2621"]
[BlackElo "2601"]
[WhiteFideId "4657101"]
[BlackFideId "14204223"]
[EventDate "2023.04.03"]
[EventType "k.o."]

1. Nf3 c5 2. c4 Nf6 3. Nc3 Nc6 4. e3 e5 5. d4 exd4 6. exd4 d5 7. Be3 cxd4 8.
Nxd4 Bb4 9. Be2 Ne4 10. Qc2 Qa5 11. O-O Bxc3 12. cxd5 Qxd5 13. bxc3 Nxd4 14.
Bxd4 O-O 15. Bf3 Bf5 16. Rfe1 Rfe8 17. Re3 Re6 18. Rae1 Rae8 19. h3 a6 20. Qb3
Qd7 21. g4 Bg6 22. Bg2 b5 23. f4 Nd2 24. Qd5 Qxd5 25. Bxd5 Rxe3 26. Rxe3 Rxe3
27. Bxe3 Be4 28. Bxf7+ Kxf7 29. Bxd2 g6 30. Kf2 Ke6 31. Ke3 Bg2 32. h4 Bh3 33.
Kf3 h5 34. f5+ gxf5 35. gxh5 Bg4+ 36. Kf4 Bxh5 37. Kg5 Be2 38. h5 Kf7 39. h6 f4 0-1

[Event "Chessable Masters Div 3 W"]
[Site "chess.com INT"]
[Date "2023.04.03"]
[Round "2.3"]
[White "Vokhidov, Shamsiddin"]
[Black "Svane, Rasmus"]
[Result "1-0"]
[WhiteTitle "GM"]
[BlackTitle "GM"]
[WhiteElo "2601"]
[BlackElo "2621"]
[WhiteFideId "14204223"]
[BlackFideId "4657101"]
[EventDate "2023.04.03"]
[EventType "k.o."]

1. e4 e5 2. Nf3 Nc6 3. Bb5 Nf6 4. d3 Bc5 5. Bg5 h6 6. Bh4 Be7 7. Bxc6 dxc6 8.
Bg3 Nd7 9. Nxe5 Bf6 10. Nc4 b5 11. e5 bxc4 12. exf6 Qxf6 13. O-O O-O 14. Nc3 Rb8
15. Rb1 Ba6 16. dxc4 Nb6 17. Bxc7 Rbc8 18. Bxb6 axb6 19. Qg4 h5 20. Qxh5 Bxc4
21. Rfe1 Rfe8 22. Ne4 Qf4 23. g3 Qxe4 24. Rxe4 Rxe4 25. b3 Be6 26. Qf3 Rd4 27.
Re1 b5 28. h4 Rd2 29. Qc3 Rd5 30. a4 bxa4 31. bxa4 Bd7 32. a5 Ra8 33. Ra1 Ra6
34. Qb4 Rb5 35. Qd6 Be6 36. Kh2 Kh7 37. Ra4 Raxa5 38. Rxa5 Rxa5 39. Qxc6 Rd5 40.
g4 Rd4 41. f3 Rc4 42. Qd6 Rxc2+ 43. Kg3 g6 44. h5 Rc3 45. Qe5 Rc6 46. h6 1-0

[Event "Chessable Masters Div 3 W"]
[Site "chess.com INT"]
[Date "2023.04.03"]
[Round "2.1"]
[White "Nguyen, Ngoc Truong Son"]
[Black "Alonso Rosell, Alvar"]
[Result "1/2-1/2"]
[WhiteTitle "GM"]
[BlackTitle "GM"]
[WhiteElo "2645"]
[BlackElo "2566"]
[WhiteFideId "12401110"]
[BlackFideId "2270544"]
[EventDate "2023.04.03"]
[EventType "k.o."]

1. d4 Nf6 2. c4 e6 3. Nc3 Bb4 4. e3 O-O 5. Bd2 b6 6. Nf3 Bb7 7. Bd3 d6 8. Qc2
Nbd7 9. O-O e5 10. Ng5 h6 11. Nge4 Nxe4 12. Bxe4 Bxe4 13. Qxe4 Nf6 14. Qc6 exd4
15. exd4 Bxc3 16. Bxc3 d5 17. b3 Qd7 18. Qxd7 Nxd7 19. f3 a5 20. Rfe1 a4 21. Bb4
Rfd8 22. cxd5 Nf6 23. Be7 Rxd5 24. Bxf6 gxf6 25. Rac1 axb3 26. axb3 Ra2 27. Re4
Rg5 28. Rg4 Rxg4 29. fxg4 Rb2 30. Rxc7 Rxb3 1/2-1/2

[Event "Chessable Masters Div 3 W"]
[Site "chess.com INT"]
[Date "2023.04.03"]
[Round "2.2"]
[White "Alonso Rosell, Alvar"]
[Black "Nguyen, Ngoc Truong Son"]
[Result "0-1"]
[WhiteTitle "GM"]
[BlackTitle "GM"]
[WhiteElo "2566"]
[BlackElo "2645"]
[WhiteFideId "2270544"]
[BlackFideId "12401110"]
[EventDate "2023.04.03"]
[EventType "k.o."]

1. d4 d5 2. c4 c6 3. Nf3 Nf6 4. cxd5 cxd5 5. Nc3 Nc6 6. Bf4 a6 7. Rc1 Bf5 8. e3
e6 9. Qb3 Bb4 10. Ne5 Bxc3+ 11. bxc3 O-O 12. Qxb7 Na5 13. Qb4 Nh5 14. Bg3 f6 15.
Nf3 Nxg3 16. hxg3 Rb8 17. Qa3 Qb6 18. Nh4 Bb1 19. Be2 Qb2 20. Qxb2 Rxb2 21. Bxa6
Ra8 22. O-O Be4 23. f3 Rxa6 24. fxe4 dxe4 25. d5 exd5 26. Nf5 Nc4 27. Rb1 Raxa2
28. Rxb2 Rxb2 29. Ne7+ Kf7 30. Nxd5 Rd2 31. Nf4 Nxe3 32. Re1 Ng4 33. Kf1 Rf2+
34. Kg1 Rc2 35. Rb1 Rxc3 36. Rb7+ Ke8 37. Kf1 g5 38. Ne6 Rxg3 39. Rc7 Rd3 40.
Ng7+ Kd8 41. Ne6+ Ke8 42. Ng7+ Kf8 43. Ne6+ Kg8 44. Rg7+ Kh8 45. Rb7 h5 46. Nf8
Ne5 47. Ke2 Kg8 48. Ne6 h4 49. Rg7+ Kh8 50. Re7 Ng4 51. Nc7 Re3+ 52. Kd2 Rg3 53.
Rxe4 Rxg2+ 54. Kc3 h3 55. Re8+ Kh7 56. Re7+ Kg6 57. Ne6 h2 58. Nf8+ Kf5 0-1

[Event "Chessable Masters Div 3 W"]
[Site "chess.com INT"]
[Date "2023.04.03"]
[Round "2.1"]
[White "Iturrizaga Bonelli, Eduardo"]
[Black "Vallejo Pons, Francisco"]
[Result "1-0"]
[WhiteTitle "GM"]
[BlackTitle "GM"]
[WhiteElo "2637"]
[BlackElo "2712"]
[WhiteFideId "3901211"]
[BlackFideId "2205530"]
[EventDate "2023.04.03"]
[EventType "k.o."]

1. c4 b6 2. Nf3 Bb7 3. e3 c5 4. b3 Nf6 5. Bb2 g6 6. Bxf6 exf6 7. Nc3 Bg7 8. g3
f5 9. Bg2 O-O 10. O-O Na6 11. Nh4 Bc6 12. Rc1 Bf6 13. Nf3 Nc7 14. d4 d6 15. Ne1
Bxg2 16. Nxg2 cxd4 17. exd4 Ne6 18. Ne2 Re8 19. Ne3 h5 20. Qd3 h4 21. Nd5 Bg7
22. Rfe1 h3 23. Rcd1 Ng5 24. Kf1 Qd7 25. f4 Ne4 26. Ng1 b5 27. Nxh3 bxc4 28.
bxc4 Rab8 29. Re2 Qa4 30. Rde1 Rbc8 31. Rc1 Re6 32. Rcc2 Rb8 33. Kg2 Qc6 34. Nf2
Rbe8 35. Nxe4 Rxe4 36. Rxe4 Rxe4 37. Qxe4 1-0

[Event "Chessable Masters Div 3 W"]
[Site "chess.com INT"]
[Date "2023.04.03"]
[Round "2.2"]
[White "Vallejo Pons, Francisco"]
[Black "Iturrizaga Bonelli, Eduardo"]
[Result "0-1"]
[WhiteTitle "GM"]
[BlackTitle "GM"]
[WhiteElo "2712"]
[BlackElo "2637"]
[WhiteFideId "2205530"]
[BlackFideId "3901211"]
[EventDate "2023.04.03"]
[EventType "k.o."]

1. e4 c6 2. d4 d5 3. f3 e6 4. Nc3 Bb4 5. Bd2 Ne7 6. Bd3 Nd7 7. a3 Ba5 8. e5 Bb6
9. Nce2 c5 10. c3 Nc6 11. f4 cxd4 12. cxd4 Nxd4 13. Nxd4 Bxd4 14. Nf3 Bb6 15. b4
h6 16. h4 a5 17. Rh3 O-O 18. Ng5 axb4 19. Bh7+ Kh8 20. Bb1 Qe7 21. Qc2 f5 22.
exf6 Nxf6 23. Bxb4 Ba5 24. Bxa5 Rxa5 25. Nh7 Rg8 26. Qg6 Qe8 27. Ng5 Rf8 28. Bd3
e5 29. Re3 Qxg6 30. Bxg6 exf4 31. Rc3 hxg5 32. hxg5 Ne4 0-1

[Event "Chessable Masters Div 3 W"]
[Site "chess.com INT"]
[Date "2023.04.03"]
[Round "2.1"]
[White "Anton Guijarro, David"]
[Black "Sarana, Alexey"]
[Result "0-1"]
[WhiteTitle "GM"]
[BlackTitle "GM"]
[WhiteElo "2690"]
[BlackElo "2685"]
[WhiteFideId "2285525"]
[BlackFideId "24133795"]
[EventDate "2023.04.03"]
[EventType "k.o."]

1. e4 c5 2. Nf3 d6 3. Bb5+ Bd7 4. Bxd7+ Nxd7 5. O-O e6 6. d3 Be7 7. Kh1 Ngf6 8.
c4 Ne5 9. Ne1 Nc6 10. f4 Nd7 11. Nc3 Bf6 12. g4 h6 13. Bd2 Nd4 14. Rb1 Qe7 15.
Ne2 Nb8 16. Nxd4 Bxd4 17. Nf3 Nc6 18. b4 cxb4 19. Nxd4 Nxd4 20. Bxb4 Nc6 21. Ba3
Qd7 22. d4 Rd8 23. d5 exd5 24. exd5 Ne7 25. f5 O-O 26. Qd4 Rfe8 27. Rbe1 b5 28.
Bb2 f6 29. Re6 bxc4 30. Rxf6 Nc6 31. Qxc4 gxf6 32. dxc6+ Qf7 33. Qd3 Rc8 34. Rc1
Qxa2 35. Bxf6 Rxc6 36. Ra1 Re2 37. Be5 Qxa1+ 0-1

[Event "Chessable Masters Div 3 W"]
[Site "chess.com INT"]
[Date "2023.04.03"]
[Round "2.2"]
[White "Sarana, Alexey"]
[Black "Anton Guijarro, David"]
[Result "1/2-1/2"]
[WhiteTitle "GM"]
[BlackTitle "GM"]
[WhiteElo "2685"]
[BlackElo "2690"]
[WhiteFideId "24133795"]
[BlackFideId "2285525"]
[EventDate "2023.04.03"]
[EventType "k.o."]

1. e4 c6 2. c4 d5 3. cxd5 cxd5 4. exd5 Nf6 5. Bb5+ Nbd7 6. Nc3 a6 7. Be2 b5 8.
d4 Bb7 9. Bf3 b4 10. Na4 Nxd5 11. Ne2 e6 12. Nf4 Qa5 13. Nxd5 Bxd5 14. Bf4 Be7
15. Bxd5 Qxd5 16. Qf3 Qxf3 17. gxf3 g5 18. Bd2 Rc8 19. Ke2 f5 20. Rac1 Kf7 21.
b3 a5 22. Rc4 e5 23. Rhc1 Rxc4 24. Rxc4 exd4 25. Rxd4 Ke6 26. Rc4 Ne5 27. Rc7
Bd6 28. Ra7 Rc8 29. Rxa5 Rc2 30. Kd1 Rc6 31. Bxg5 Nxf3 32. h4 h5 33. Ra7 Nxg5
34. hxg5 Bc7 35. Ra8 Be5 36. Ra7 Kd5 37. Rh7 Ke4 38. Rxh5 Kf3 39. Rh6 Rc7 40.
Nb6 Kxf2 41. Nc4 Bg7 42. Rb6 Bc3 43. a3 bxa3 44. Nxa3 f4 45. Nb5 Rd7+ 46. Rd6
Rxd6+ 47. Nxd6 f3 48. Ne4+ Ke3 49. Ng3 Kf4 50. Nf1 Kxg5 51. Nh2 Kf4 52. Nxf3
Kxf3 53. b4 Bxb4 1/2-1/2

[Event "Chessable Masters Div 3 W"]
[Site "chess.com INT"]
[Date "2023.04.04"]
[Round "3.1"]
[White "Tabatabaei, M. Amin"]
[Black "Mamedyarov, Shakhriyar"]
[Result "1-0"]
[WhiteTitle "GM"]
[BlackTitle "GM"]
[WhiteElo "2677"]
[BlackElo "2738"]
[WhiteFideId "12521213"]
[BlackFideId "13401319"]
[EventDate "2023.04.03"]
[EventType "k.o."]

1. d4 Nf6 2. Nf3 d5 3. Bf4 Bf5 4. c4 e6 5. Qb3 b6 6. Nc3 Bd6 7. Bg5 c6 8. e3 h6
9. Bh4 O-O 10. Be2 Nbd7 11. O-O a5 12. cxd5 exd5 13. Rac1 Qe7 14. a4 Rfc8 15.
Rfd1 Qe6 16. Bg3 Bb4 17. Ne5 Nxe5 18. Bxe5 Nd7 19. Bg3 g5 20. h3 Qg6 21. Na2 Bf8
22. Bd3 h5 23. Bxf5 Qxf5 24. Qc2 Qe6 25. Nc3 Bb4 26. h4 gxh4 27. Bxh4 Nf6 28.
Ne2 Bd6 29. Nf4 Bxf4 30. exf4 Ne4 31. f3 Nd6 32. Re1 Qf5 33. Re5 Qxc2 34. Rxc2
Kg7 35. Be7 Nc4 36. Rg5+ Kh6 37. g4 1-0

[Event "Chessable Masters Div 3 W"]
[Site "chess.com INT"]
[Date "2023.04.04"]
[Round "3.2"]
[White "Mamedyarov, Shakhriyar"]
[Black "Tabatabaei, M. Amin"]
[Result "1/2-1/2"]
[WhiteTitle "GM"]
[BlackTitle "GM"]
[WhiteElo "2738"]
[BlackElo "2677"]
[WhiteFideId "13401319"]
[BlackFideId "12521213"]
[EventDate "2023.04.03"]
[EventType "k.o."]

1. d4 Nf6 2. c4 e6 3. Nc3 Bb4 4. Nf3 b6 5. Qb3 a5 6. g3 Bb7 7. Bg2 O-O 8. O-O
Bxc3 9. Qxc3 d6 10. b3 Nbd7 11. Rd1 Qe7 12. a3 Be4 13. Bh3 Rfd8 14. Bb2 c5 15.
Nd2 Bb7 16. e4 Bxe4 17. dxc5 Nxc5 18. Nxe4 Ncxe4 19. Qe3 Nc5 20. b4 Ncd7 21.
Rac1 axb4 22. axb4 Rac8 23. Bg2 h6 24. h3 e5 25. Rd2 Qe6 26. Rcd1 Nf8 27. c5
bxc5 28. bxc5 d5 29. Bxe5 N8d7 30. f4 Nxe5 31. fxe5 Re8 32. Re1 Ne4 33. Rdd1
Qxe5 34. Kh2 Rxc5 35. Qxc5 Nxc5 36. Rxe5 Rxe5 37. Bxd5 Ne6 38. Kg2 g6 39. Bf3
Kg7 40. Bd5 Kg8 41. Bf3 Kg7 42. Bd5 Kg8 1/2-1/2

[Event "Chessable Masters Div 3 W"]
[Site "chess.com INT"]
[Date "2023.04.04"]
[Round "3.1"]
[White "Kamsky, Gata"]
[Black "Wei, Yi"]
[Result "1/2-1/2"]
[WhiteTitle "GM"]
[BlackTitle "GM"]
[WhiteElo "2665"]
[BlackElo "2722"]
[WhiteFideId "2000024"]
[BlackFideId "8603405"]
[EventDate "2023.04.03"]
[EventType "k.o."]

1. e4 c5 2. Nf3 d6 3. d4 cxd4 4. Nxd4 Nf6 5. Nc3 a6 6. a4 e5 7. Nf3 Be7 8. Bc4
Be6 9. Qe2 Qc8 10. Ba2 Nc6 11. O-O Nb4 12. Bb3 Bxb3 13. cxb3 Qe6 14. Qc4 Nc2 15.
Rb1 Rc8 16. Qxe6 fxe6 17. Rd1 h6 18. Rd2 Nb4 19. Rd1 Kf7 20. Be3 Nc2 21. Ba7 Nd7
22. Rd2 Nb4 23. Be3 Nc5 24. Bxc5 Rxc5 25. Rbd1 Rhc8 26. Re2 R8c6 27. Nd2 b5 28.
axb5 axb5 29. g3 Ra6 30. Nf3 Nc6 31. Red2 g5 32. h3 1/2-1/2

[Event "Chessable Masters Div 3 W"]
[Site "chess.com INT"]
[Date "2023.04.04"]
[Round "3.2"]
[White "Wei, Yi"]
[Black "Kamsky, Gata"]
[Result "1/2-1/2"]
[WhiteTitle "GM"]
[BlackTitle "GM"]
[WhiteElo "2722"]
[BlackElo "2665"]
[WhiteFideId "8603405"]
[BlackFideId "2000024"]
[EventDate "2023.04.03"]
[EventType "k.o."]

1. e4 e5 2. Nf3 Nc6 3. Bb5 a6 4. Ba4 Nf6 5. O-O Be7 6. Re1 b5 7. Bb3 d6 8. c3
O-O 9. h3 Nb8 10. d4 Nbd7 11. c4 c6 12. Nc3 b4 13. Ne2 c5 14. dxe5 Nxe5 15. Ng3
Nfd7 16. Be3 a5 17. a3 Nxf3+ 18. Qxf3 bxa3 19. Rxa3 Rb8 20. Rd1 Ne5 21. Qe2 Qb6
22. Rd2 Be6 23. Nf5 Bxf5 24. exf5 Qb4 25. Ba2 Rfd8 26. Rb3 Qa4 27. Ra3 Qb4 28.
Rc2 Nc6 29. Rb3 Qa4 30. Ra3 Qb4 31. Bd2 Qb7 32. Bc3 Re8 33. Qg4 Nd4 34. Bxd4
cxd4 35. Rb3 Qa7 36. Re2 Bf6 37. Bb1 a4 38. Rb5 a3 39. bxa3 Qxa3 40. Kh2 Qc3 41.
Rxb8 Rxb8 42. Qe4 h6 43. Bd3 Be5+ 44. f4 Bf6 45. Rc2 Qa1 46. Re2 Qc1 47. g3 Qd1
48. Kg2 Qc1 49. Bc2 Qa3 50. Bd3 Qc1 51. Bc2 Qa3 52. Bd3 Qc1 1/2-1/2

[Event "Chessable Masters Div 3 W"]
[Site "chess.com INT"]
[Date "2023.04.04"]
[Round "3.3"]
[White "Wei, Yi"]
[Black "Kamsky, Gata"]
[Result "0-1"]
[WhiteTitle "GM"]
[BlackTitle "GM"]
[WhiteElo "2722"]
[BlackElo "2665"]
[WhiteFideId "8603405"]
[BlackFideId "2000024"]
[EventDate "2023.04.03"]
[EventType "k.o."]

1. e4 e5 2. Nf3 Nc6 3. Bb5 Nf6 4. d3 d6 5. O-O Bd7 6. Re1 g6 7. d4 Bg7 8. d5 Nb8
9. Bd3 O-O 10. c4 a5 11. Nc3 Na6 12. h3 Kh8 13. Be3 Ng8 14. Bc2 f5 15. exf5 gxf5
16. Nb5 Bh6 17. Bxh6 Nxh6 18. Qd2 f4 19. Qxa5 Rg8 20. Qc3 Nf7 21. Kf1 Qf6 22. a4
Rg7 23. Nd2 Rag8 24. Be4 Ng5 25. Bf3 Nxf3 26. gxf3 Qh4 27. Ne4 Bf5 28. Ke2 Rg2
29. Rf1 Bxe4 0-1

[Event "Chessable Masters Div 3 W"]
[Site "chess.com INT"]
[Date "2023.04.04"]
[Round "3.1"]
[White "Vokhidov, Shamsiddin"]
[Black "Nguyen, Ngoc Truong Son"]
[Result "1-0"]
[WhiteTitle "GM"]
[BlackTitle "GM"]
[WhiteElo "2601"]
[BlackElo "2645"]
[WhiteFideId "14204223"]
[BlackFideId "12401110"]
[EventDate "2023.04.03"]
[EventType "k.o."]

1. e4 e5 2. Nf3 Nf6 3. d4 Nxe4 4. Bd3 d5 5. Nxe5 Nd7 6. Nxd7 Bxd7 7. O-O Bd6 8.
Nc3 Nxc3 9. bxc3 O-O 10. Qh5 f5 11. Bg5 Qe8 12. Qf3 Qg6 13. Bd2 c6 14. Bf4 Rae8
15. Rfe1 Qf6 16. Qg3 Be7 17. Re3 Qg6 18. Qxg6 hxg6 19. Rb1 b6 20. c4 Bf6 21. c3
Rxe3 22. fxe3 Be6 23. cxd5 cxd5 24. Ba6 Bc8 25. Bb5 Kf7 26. Bb8 a6 27. Bc6 b5
28. Bd6 Rh8 29. a4 Ke6 30. Bg3 Bg5 31. Kf2 Rd8 32. axb5 axb5 33. Bc7 Rh8 34.
Rxb5 Ba6 35. Rxd5 Rc8 36. Rd6+ Kf7 37. Bd5+ Ke7 38. Re6+ Kd7 39. Be5 1-0

[Event "Chessable Masters Div 3 W"]
[Site "chess.com INT"]
[Date "2023.04.04"]
[Round "3.2"]
[White "Nguyen, Ngoc Truong Son"]
[Black "Vokhidov, Shamsiddin"]
[Result "1/2-1/2"]
[WhiteTitle "GM"]
[BlackTitle "GM"]
[WhiteElo "2645"]
[BlackElo "2601"]
[WhiteFideId "12401110"]
[BlackFideId "14204223"]
[EventDate "2023.04.03"]
[EventType "k.o."]

1. d4 Nf6 2. c4 e6 3. Nc3 Bb4 4. Nf3 d5 5. cxd5 exd5 6. Bg5 h6 7. Bh4 O-O 8. e3
Bf5 9. Qb3 Bxc3+ 10. Qxc3 c6 11. Nd2 Nbd7 12. Be2 Ne4 13. Bxd8 Nxc3 14. bxc3
Rfxd8 15. a4 c5 16. Nf1 Rac8 17. Kd2 Nf6 18. f3 Rd6 19. Ng3 Bg6 20. Bd3 cxd4 21.
cxd4 Bxd3 22. Kxd3 Rdc6 23. Ne2 Re8 24. Ra3 Rce6 25. Kd2 Rb6 26. Rc1 Rb2+ 27.
Rc2 Rb1 28. Nc3 Rh1 29. h3 Rg1 30. Kd3 g6 31. Rb3 Re7 32. Rb1 Rxb1 33. Nxb1 Kf8
34. a5 Re6 35. Rc8+ Re8 36. Rc5 Rd8 37. Nc3 Rd7 38. Rc8+ Ke7 39. g4 Rd8 40. Rxd8
Kxd8 41. Nb5 Ne8 42. Nxa7 Nd6 43. e4 Kc7 44. e5 Nc4 45. f4 Nxa5 46. f5 gxf5 47.
gxf5 Nc4 48. Nb5+ Kc6 49. Nc3 f6 50. exf6 Nd6 51. Ke3 Nxf5+ 52. Kf4 Nxd4 53. f7
Ne6+ 54. Ke5 Nf8 55. Nxd5 b5 56. h4 h5 57. Nf4 b4 58. Ne6 Nd7+ 59. Kd4 b3 60.
Kc3 Kd6 61. f8=Q+ Nxf8 62. Nxf8 Ke5 63. Kxb3 Kf5 64. Kc4 Kg4 65. Ng6 Kf5 66.
Ne7+ Kg4 67. Ng6 Kf5 68. Ne7+ Kg4 69. Ng6 1/2-1/2

[Event "Chessable Masters Div 3 W"]
[Site "chess.com INT"]
[Date "2023.04.04"]
[Round "3.1"]
[White "Iturrizaga Bonelli, Eduardo"]
[Black "Sarana, Alexey"]
[Result "1-0"]
[WhiteTitle "GM"]
[BlackTitle "GM"]
[WhiteElo "2637"]
[BlackElo "2685"]
[WhiteFideId "3901211"]
[BlackFideId "24133795"]
[EventDate "2023.04.03"]
[EventType "k.o."]

1. c4 e5 2. g3 Nf6 3. Bg2 d5 4. cxd5 Nxd5 5. Nf3 Nc6 6. O-O Nb6 7. b3 Be7 8. Bb2
f6 9. Nc3 Be6 10. Qc1 O-O 11. Rd1 Qc8 12. d4 Nxd4 13. Nxd4 exd4 14. Rxd4 c6 15.
Qf4 Re8 16. Rc1 Qb8 17. Qd2 Rd8 18. Ne4 Rxd4 19. Bxd4 Bd5 20. Qe3 Qf8 21. Bxb6
axb6 22. Qxb6 Ba3 23. Rc2 Qe7 24. Qd4 Rd8 25. Rd2 Bb4 26. Nc3 Kh8 27. Bxd5 cxd5
28. e3 Qf8 29. Rd3 Bxc3 30. Rxc3 h6 31. Rc7 Qa3 32. Qg4 Rg8 33. Qd7 Qxa2 34.
Qxd5 b6 35. Rb7 Qa1+ 36. Kg2 Qa8 37. e4 Rd8 38. Qf7 Rg8 39. Qe7 Qa6 40. b4 Qb5
41. Qd6 Qc4 42. Re7 b5 43. h4 Ra8 44. h5 Ra1 45. Qd8+ Kh7 46. Re8 Qf1+ 47. Kf3
Qh1+ 48. Kg4 Qd1+ 49. Qxd1 Rxd1 50. Rb8 Rd4 51. Rxb5 Rxe4+ 52. Kf5 Re2 53. f4
Rb2 54. Rb8 Rb1 55. b5 Rb3 56. g4 Rb4 57. b6 Rb1 58. Ke6 Rb4 59. Kd6 Rxf4 60. b7
Rb4 61. Kc6 Rc4+ 62. Kb5 Rxg4 63. Rc8 Rg1 64. Rc4 1-0

[Event "Chessable Masters Div 3 W"]
[Site "chess.com INT"]
[Date "2023.04.04"]
[Round "3.2"]
[White "Sarana, Alexey"]
[Black "Iturrizaga Bonelli, Eduardo"]
[Result "1-0"]
[WhiteTitle "GM"]
[BlackTitle "GM"]
[WhiteElo "2685"]
[BlackElo "2637"]
[WhiteFideId "24133795"]
[BlackFideId "3901211"]
[EventDate "2023.04.03"]
[EventType "k.o."]

1. d4 Nf6 2. c4 e6 3. Nc3 Bb4 4. Qc2 c5 5. dxc5 O-O 6. a3 Bxc5 7. Nf3 Nc6 8. Bg5
Be7 9. Rd1 a6 10. e4 Qc7 11. Be2 h6 12. Bh4 Nh5 13. Bxe7 Nxe7 14. g3 Nf6 15. e5
Ng4 16. Qe4 f5 17. exf6 Nxf6 18. Qe5 Qb6 19. c5 Qa5 20. O-O b6 21. cxb6 Qxb6 22.
Na4 Qc6 23. Qa5 Ned5 24. Rc1 Qd6 25. Nc5 Qe7 26. Nh4 d6 27. Nd3 Qf7 28. Nb4 Bb7
29. Nxd5 Nxd5 30. Qd2 Qf6 31. Rce1 Rac8 32. Bg4 Rce8 33. f4 Re7 34. Rf2 Rfe8 35.
Bd1 Rc8 36. Bb3 Rc5 37. Ba2 a5 38. Rfe2 Kf8 39. Bb1 Re8 40. Qd3 1-0